000 00549nam a22001931a 4500
001 10434
003 OSt
005 20260204212159.0
008 090202s2008||||dr ||||||b||||||||||spa||
020 _a9945861389
050 _aRD 972.9302 N712c
100 _aDe Nolasco, Flérida
245 _aClamor y justicia en la española 1502-1795 / Flérida De Nolasco
250 _a2
264 _aSanto Domingo : Banreservas
300 _a193 p
650 _aHistoria - República Dominicana 2.Historia de la República DominicanaÌ
942 _2ddc
_cBK
999 _c10434
_d10434